000 01187nam a2200325Ia 4500
003 OSt
005 20220912150658.0
006 a|||||r|||| 00| 0
007 ta
008 220909b |||||||| |||| 00| 0 eng d
020 _a981024276X (hbd)
024 _a8523
037 _bWorld,
037 _cTextual
040 _aCSL
_beng
_cCSL
041 _aeng
082 _aC9B3p1,N99, P0
100 _aPoenaru Dorin Ed
111 _aProceedings of the international symposium on : Advances in nuclear physics^cBucharest, Romania^i9-10 December 1999
245 0 _aProceedings ed by Dorin Poenaru and Sabin Stoica
260 _aSingapore
_bWorld Scientific
_c2000
300 _axiii, 433p
500 _aIncludes bibliographical references; ^n23/CSL/C/2001-2002/321^d2001-12-06^mPurchase; ; 2001-2002/287^b2001-11-19^c01435^d2001-10-15^eRs.3,163.45^fWorld Scientific Publishing Co Pte Ltd; ; 2001-12-06^bSB^c2003-09-12^dJindal
650 _a Nuclear Physics
650 _a Proceedings
650 _aPhysics
700 _a Stoica Sabin Ed
942 _hC9B3p1,N99, P0
_cTEXL
_2CC
999 _c52386
_d52386